Detalles MARC
| 000 -LIDER |
| fixed length control field |
01080nam a2200325 a 4500 |
| 001 - NÚMERO DE CONTROL |
| Identificador de número de control |
000004538 |
| 003 - IDENTIFICACDOR DE NÚMERO DE CONTROL |
| control field |
DO-SdBNP |
| 005 - DATE AND TIME OF LATEST TRANSACTION |
| control field |
20180315111927.0 |
| 007 - CAMPOS FIJOS DE DESCRIPCIÓN FÍSICA |
| fixed length control field |
000004538 |
| 008 - ELEMENTOS DE LONGITUD FIJA |
| fixed length control field |
090723s2009 dr a 001 0 spa d |
| 020 ## - ISBN |
| International Standard Book Number |
9993410403 |
| 040 ## - FUENTE DE CATALOGACIÓN |
| Agencia que crea de manera original el registro |
BPMET |
| Idioma de catalogación |
spa |
| Agencia que realiza la transcripción |
BPMET |
| 092 ## - LOCALLY ASSIGNED DEWEY DECIMAL CALL NUMBER |
| Número de clasificación |
923.2 |
| Número de ítem (Cutter) |
C343j, 2009 |
| 100 1# - ASIENTO PRINCIPAL -- NOMBRE PERSONAL |
| Nombre personal |
Cassá, Roberto |
| 245 10 - MENCIÓN DE TITULO |
| Título |
José Núñez de Cáceres : |
| Subtítulo |
precursor de la independencia / |
| Mención de responsabilidad |
Roberto Cassá. |
| 250 ## - MENCIÓN DE EDICION |
| Mención de edición |
3da. ed. |
| 260 ## - PUBLICACIÓN, DISTRIBUCIÓN, ETC. (PIE DE IMPRENTA) |
| Lugar de publicación, distribución, etc |
Santo Domingo : |
| Nombre del editor, distribuidor, etc. |
Alfa y Omega, |
| Fecha de publicación, distribución, etc |
2009 |
| 300 ## - DESCRIPCIÓN FÍSICA |
| Extensión |
49 p. : |
| Otros detalles físicos |
il. |
| Dimensiones |
21 cm. |
| 440 #0 - MENCIÓN DE SERIE/ENTRADA SECUNDARIA--TÍTULO |
| Título |
Biografías Dominicanas TOBOGAN |
| 500 ## - NOTA GENERAL |
| Nota general |
Incluye índice |
| 504 ## - NOTA DE BIBLIOGRAFÍA, ETC. |
| Bibliography, etc |
Incluye referencias bibliográficas (p. 49-) |
| 600 14 - ENCABEZAMIENTO DE MATERIA--NOMBRE PERSONAL |
| Nombre personal |
NÚÑEZ DE CÁCERES, JOSÉ, |
| Fechas asociadas con el nombre |
1772-1846 |
| 650 #4 - ENCABEZAMIENTO DE MATERIA--TEMÁTICO |
| Término temático o nombre geográfico como elemento de entrada |
REPÚBLICA DOMINICANA |
| Subdivisión temática general |
BIOGRAFÍAS |
| 651 #4 - ENCABEZAMIENTO DE MATERIA--NOMBRE GEOGRÁFICO |
| Nombre geográfico |
REPÚBLICA DOMINICANA |
| Subdivisión temática general |
HISTORIA |
| Subdivisión cronológica |
OCUPACIÓN HAITIANA, 1922-1844 |
| 942 ## - ADDED ENTRY ELEMENTS (KOHA) |
| Source of classification or shelving scheme |
Dewey Decimal Classification |
| Koha item type |
Libros |
| 945 ## - INFORMACIÓN DE PROCESAMIENTO LOCAL |
| Información de procesamiento local |
Inventariado, 2018 / BT |
| 956 ## - LOCAL ELECTRONIC LOCATION AND ACCESS (OCLC) |
| Nombre de host |
AVARGAS |
| Número de acceso |
10 |
| Información de compresión |
20090723 |
| Inicio de sesión |
BND01 |
| Procesador de solicitud |
1455 |
| 956 ## - LOCAL ELECTRONIC LOCATION AND ACCESS (OCLC) |
| Nombre de host |
NMORDAN |
| Número de acceso |
10 |
| Información de compresión |
20090724 |
| Inicio de sesión |
BND01 |
| Procesador de solicitud |
1003 |
| 956 ## - LOCAL ELECTRONIC LOCATION AND ACCESS (OCLC) |
| Nombre de host |
ARIVERA |
| Número de acceso |
10 |
| Información de compresión |
20100709 |
| Inicio de sesión |
BND01 |
| Procesador de solicitud |
1338 |